| 000 | 00874nam a22002777a 4500 | ||
|---|---|---|---|
| 003 | CHAP | ||
| 005 | 20220329134120.0 | ||
| 008 | 971013s1984 r 00010 d | ||
| 010 | _a15619 | ||
| 011 | _a16591 | ||
| 035 | _a20673 | ||
| 040 | _cCHAP | ||
| 090 | _aFolleto 9166 (1984) | ||
| 100 | 0 | 0 |
_aHimelick, E. B. _955472 |
| 245 | _aTree and shrub transplanting manual | ||
| 260 |
_aUrbana, Ill. : _bInternational Society of Arboriculture, _c1984 |
||
| 300 |
_a76 p. _b: ilus. |
||
| 590 |
_aBATCH-UPD _b10 _c20130110 _lUCH01 _h2118 |
||
| 590 |
_aBATCH-UPD _b10 _c20130914 _lUCH01 _h1617 |
||
| 590 |
_aCONVERSION _b10 _c20130109 _lUCH01 _h1310 |
||
| 650 | 1 | 4 |
_aÁrboles _xTrasplante. _96655 |
| 901 | _aBK | ||
| 942 | _cFOLL | ||
| 949 |
_aFolleto 9166 (1984) _bBC _cFOLL _d-48229 _eTS1 _gI.125941 _i20673 _si |
||
| 949 |
_aFolleto 9166 (1984) _bBC _cFOLL _d-48230 _eTS2 _fc.2 _i20673 _si |
||
| 999 |
_c15619 _d15619 |
||